Complex analysis
Αποθηκεύτηκε σε:
| Κύριος συγγραφέας: | |
|---|---|
| Άλλοι συγγραφείς: | |
| Μορφή: | Βιβλίο |
| Γλώσσα: | English |
| Δημοσίευση: |
Berlin :
Springer,
c2009
|
| Έκδοση: | 2nd ed. |
| Σειρά: | Universitext
|
| Θέματα: | |
| Ετικέτες: |
Προσθήκη ετικέτας
Δεν υπάρχουν, Καταχωρήστε ετικέτα πρώτοι!
|
MARC
| LEADER | 00000nam a2200000 i 4500 | ||
|---|---|---|---|
| 001 | 1/12805 | ||
| 008 | 110405s2009 eng d | ||
| 020 | |a 978-3-540-93982-5 | ||
| 035 | |l 10109932 | ||
| 040 | |a GR-MY-UA |b gre |e aacr | ||
| 041 | 0 | |a eng | |
| 082 | 0 | |a 515.9 |2 (22) | |
| 100 | 1 | |a Freitag, E. |q (Eberhard) | |
| 245 | 1 | 0 | |a Complex analysis / |c Eberhard Freitag, Rolf Busam |
| 250 | |a 2nd ed. | ||
| 260 | |a Berlin : |b Springer, |c c2009 | ||
| 300 | |a x, 532 σ.; |c 24 εκ. | ||
| 490 | 1 | |a Universitext | |
| 504 | |a Βιβλιογραφία: σ.509-517 | ||
| 504 | |a Ευρετήριο: σ.521-532 | ||
| 650 | 0 | 0 | |a Functions of complex variables. |
| 650 | 0 | 0 | |a Functions of complex variables |x Problems, exercises, etc. |
| 700 | 1 | |a Busam, Rolf. | |
| 830 | 0 | |a Universitext | |
| 852 | |a INST |b CHIOS |e 20110405 |h 515.9 FRE |p 005200031263 |q 005200031263 |t BK |y 0 | ||
| 901 | |a BIBL2-2011-1 | ||
| 909 | |a Χ |b 166822 | ||
| 922 | |a 2ΕΛΗ |b 201011 |c ΤΑΚ/ΤΔΕ |d ΜΙΧΑΛΟΠΟΥΛΟΣ | ||
| 970 | |a ΣΠΕΝΤΖΑ |b ΕΛΕΝΗ |z 2011/04/05 | ||